[Event "EWIBCC 2019"]
[Site "Monte-Carlo"]
[Date "2019.11.29"]
[Round "10.6"]
[White "Mkrtchian, Lilit"]
[Black "Gaponenko, Inna"]
[Result "1-0"]
[WhiteElo "2402"]
[BlackElo "2427"]
[Annotator "NA"]
[PlyCount "100"]
[EventDate "2019.11.29"]
[EventType "swiss"]
[EventCountry "MNC"]
[SourceTitle "playchess.com"]
[Source "ChessBase"]
[SourceQuality "1"]
[TimeControl "180+2"]

1. c4 {[%emt 0:00:00]} g6 {[%emt 0:00:01]} 2. g3 {[%emt 0:00:02]} Bg7 {[%emt 0:00:01]} 3. Bg2 {[%emt 0:00:01]} d6 {[%emt 0:00:01]} 4. Nc3 {[%emt 0:00:05]} Nf6 {[%emt 0:00:01]} 5. e4 {[%emt 0:00:02]} O-O {[%emt 0:00:02]} 6. Nge2 {[%emt 0:00:02]} e5 {[%emt 0:00:08]} 7. O-O {[%emt 0:00:05]} Nc6 {[%emt 0:00:01]} 8. d3 {[%emt 0:00:01]} Be6 {[%emt 0:00:12]} 9. f4 {[%emt 0:00:19]} exf4 {[%emt 0:00:09]} 10. gxf4 {[%emt 0:00:13]} Bg4 {[%emt 0:00:10]} 11. h3 {[%emt 0:00:27]} Bxe2 {[%emt 0:00:03]} 12. Qxe2 {[%emt 0:00:02]} Nd4 {[%emt 0:00:09]} 13. Qf2 {[%emt 0:00:02]} Nd7 {[%emt 0:00:13]} 14. Be3 {[%emt 0:00:01]} c5 {[%emt 0:00:01]} 15. Nd5 {[%emt 0:00:08]} Nb6 {[%emt 0:00:05]} 16. Nc3 {[%emt 0:00:20]} Qe7 {[%emt 0:00:15]} 17. Rae1 {[%emt 0:00:07]} Rae8 {[%emt 0:00:15]} 18. Kh1 {[%emt 0:00:28]} Bf6 {[%emt 0:00:10]} 19. Qd2 {[%emt 0:00:22]} Bh4 {[%emt 0:00:13]} 20. Rc1 {[%emt 0:00:01]} f5 {[%emt 0:00:01]} 21. Bxd4 {[%emt 0:00:05]} cxd4 {[%emt 0:00:01]} 22. Ne2 {[%emt 0:00:06]} Qg7 {[%emt 0:00:17]} 23. c5 {[%emt 0:00:10]} dxc5 {[%emt 0:00:03]} 24. Rxc5 {[%emt 0:00:01]} fxe4 {[%emt 0:00:14]} 25. dxe4 {[%emt 0:00:03]} Rd8 {[%emt 0:00:01]} 26. Qd3 {[%emt 0:00:04]} Kh8 {[%emt 0:00:26]} 27. Rfc1 {[%emt 0:00:04]} Rd7 {[%emt 0:00:05]} 28. b3 {[%emt 0:00:10]} Bf2 {[%emt 0:00:10]} 29. a4 {[%emt 0:00:03]} Be3 {[%emt 0:00:02]} 30. Rf1 {[%emt 0:00:02]} Rdd8 {[%emt 0:00:05]} 31. a5 {[%emt 0:00:02]} Nd7 {[%emt 0:00:01]} 32. Rc7 {[%emt 0:00:05]} Qf6 {[%emt 0:00:03]} 33. e5 {[%emt 0:00:06]} Qe6 {[%emt 0:00:01]} 34. Qb5 {[%emt 0:00:08]} a6 {[%emt 0:00:12]} 35. Qxb7 {[%emt 0:00:02]} d3 {[%emt 0:00:02]} 36. Nc3 {[%emt 0:00:02]} Bxf4 {[%emt 0:00:02]} 37. Ne4 {[%emt 0:00:06]} Bxe5 {[%emt 0:00:10]} 38. Rc6 {[%emt 0:00:03]} Qe7 {[%emt 0:00:05]} 39. Rc4 {[%emt 0:00:04]} Rxf1+ {[%emt 0:00:03]} 40. Bxf1 {[%emt 0:00:01]} Rf8 {[%emt 0:00:02]} 41. Bg2 {[%emt 0:00:01]} Bg7 {[%emt 0:00:02]} 42. Rc1 {[%emt 0:00:03]} Qe6 {[%emt 0:00:02]} 43. Rd1 {[%emt 0:00:02]} Ne5 {[%emt 0:00:02]} 44. Qb4 {[%emt 0:00:02]} Qf5 {[%emt 0:00:02]} 45. Qe7 {[%emt 0:00:03]} Qf4 {[%emt 0:00:01]} 46. Ng5 {[%emt 0:00:02]} Qe3 {[%emt 0:00:02]} 47. Ne6 {[%emt 0:00:01]} Qh6 {[%emt 0:00:04]} 48. Nxf8 {[%emt 0:00:02]} Ng4 {[%emt 0:00:05]} 49. Rf1 {[%emt 0:00:07]} d2 {[%emt 0:00:02]} 50. Ne6 Nf2+ {[%emt 0:00:02]} 1-0

[Event "EWIBCC 2019"]
[Site "Monte-Carlo"]
[Date "2019.11.29"]
[Round "10.7"]
[White "Buksa, Nataliya"]
[Black "Paehtz, Elisabeth"]
[Result "1/2-1/2"]
[WhiteElo "2410"]
[BlackElo "2484"]
[Annotator "RC"]
[PlyCount "143"]
[EventDate "2019.11.29"]
[EventType "swiss"]
[EventCountry "MNC"]
[SourceTitle "playchess.com"]
[Source "ChessBase"]
[SourceQuality "1"]
[TimeControl "180+2"]

1. e4 {[%emt 0:00:00]} c5 {[%emt 0:00:00]} 2. Nf3 {[%emt 0:00:00]} d6 {[%emt 0:00:00]} 3. Bb5+ {[%emt 0:00:00]} Nd7 {[%emt 0:00:00]} 4. Ba4 {[%emt 0:00:01]} Ngf6 {[%emt 0:00:08]} 5. O-O {[%emt 0:00:01]} a6 {[%emt 0:00:02]} 6. c4 {[%emt 0:00:01]} e6 {[%emt 0:00:01]} 7. Nc3 {[%emt 0:00:02]} Be7 {[%emt 0:00:01]} 8. d3 {[%emt 0:00:07]} O-O {[%emt 0:00:03]} 9. h3 {[%emt 0:00:06]} Qc7 {[%emt 0:00:02]} 10. a3 {[%emt 0:00:03]} b6 {[%emt 0:00:02]} 11. b4 {[%emt 0:00:01]} Bb7 {[%emt 0:00:03]} 12. Bc2 {[%emt 0:00:02]} cxb4 {[%emt 0:00:11]} 13. axb4 {[%emt 0:00:01]} b5 {[%emt 0:00:00]} 14. Bg5 {[%emt 0:00:54]} bxc4 {[%emt 0:00:04]} 15. d4 {[%emt 0:00:01]} h6 {[%emt 0:00:15]} 16. Bh4 {[%emt 0:00:01]} e5 {[%emt 0:00:02]} 17. d5 {[%emt 0:00:04]} Rfe8 {[%emt 0:00:10]} 18. Qe2 {[%emt 0:00:11]} Nf8 {[%emt 0:00:08]} 19. Bg3 {[%emt 0:00:13]} Ng6 {[%emt 0:00:09]} 20. Nh2 {[%emt 0:00:02]} Nd7 {[%emt 0:00:05]} 21. Ba4 {[%emt 0:00:07]} Rec8 {[%emt 0:00:05]} 22. Qh5 {[%emt 0:00:02]} Bg5 {[%emt 0:00:18]} 23. Rad1 {[%emt 0:00:11]} Nf6 {[%emt 0:00:14]} 24. Qe2 {[%emt 0:00:01]} a5 {[%emt 0:00:02]} 25. Rb1 {[%emt 0:00:14]} Bf4 {[%emt 0:00:17]} 26. Ng4 {[%emt 0:00:09]} axb4 27. Rxb4 {[%emt 0:00:01]} Bxg3 {[%emt 0:00:33]} 28. Nxf6+ {[%emt 0:00:02]} gxf6 {[%emt 0:00:01]} 29. Rxb7 {[%emt 0:00:14]} Qxb7 {[%emt 0:00:01]} 30. fxg3 {[%emt 0:00:01]} Qb4 {[%emt 0:00:11]} 31. Qc2 {[%emt 0:00:10]} Kg7 {[%emt 0:00:08]} 32. h4 {[%emt 0:00:08]} Rcb8 {[%emt 0:00:12]} 33. h5 {[%emt 0:00:01]} Ne7 {[%emt 0:00:01]} 34. Rf2 {[%emt 0:00:19]} Qc5 {[%emt 0:00:04]} 35. Kh2 {[%emt 0:00:02]} Qe3 {[%emt 0:00:05]} 36. Rf3 {[%emt 0:00:06]} Qg5 {[%emt 0:00:02]} 37. g4 {[%emt 0:00:03]} Kh8 {[%emt 0:00:10]} 38. Nd1 {[%emt 0:00:06]} Qxg4 {[%emt 0:00:02]} 39. Nf2 {[%emt 0:00:02]} Qg5 {[%emt 0:00:05]} 40. Rg3 {[%emt 0:00:04]} Qxh5+ {[%emt 0:00:04]} 41. Rh3 {[%emt 0:00:06]} Qg6 {[%emt 0:00:01]} 42. Bd7 {[%emt 0:00:04]} Rg8 {[%emt 0:00:03]} 43. Ng4 {[%emt 0:00:01]} Kg7 {[%emt 0:00:09]} 44. Qf2 {[%emt 0:00:02]} Rh8 {[%emt 0:00:01]} 45. Nxe5 {[%emt 0:00:13]} fxe5 {[%emt 0:00:03]} 46. Rg3 {[%emt 0:00:00]} Rhd8 {[%emt 0:00:03]} 47. Bf5 {[%emt 0:00:02]} Qg5 {[%emt 0:00:02]} 48. Rxg5+ {[%emt 0:00:03]} hxg5 {[%emt 0:00:01]} 49. Qd2 {[%emt 0:00:06]} f6 {[%emt 0:00:03]} 50. Qb4 {[%emt 0:00:01]} Nxf5 51. exf5 {[%emt 0:00:01]} g4 {[%emt 0:00:11]} 52. Qb7+ {[%emt 0:00:01]} Kh6 {[%emt 0:00:01]} 53. Qf7 {[%emt 0:00:03]} Kg5 {[%emt 0:00:01]} 54. Kg3 {[%emt 0:00:03]} Rg8 {[%emt 0:00:02]} 55. Qc7 {[%emt 0:00:04]} Rac8 {[%emt 0:00:01]} 56. Qxd6 {[%emt 0:00:02]} c3 {[%emt 0:00:01]} 57. Qb6 {[%emt 0:00:00]} c2 {[%emt 0:00:02]} 58. Qe3+ {[%emt 0:00:01]} Kxf5 {[%emt 0:00:01]} 59. Qd3+ {[%emt 0:00:02]} e4 {[%emt 0:00:01]} 60. Qf1+ {[%emt 0:00:00]} Ke5 {[%emt 0:00:02]} 61. Qf4+ {[%emt 0:00:01]} Kxd5 {[%emt 0:00:12]} 62. Qf5+ {[%emt 0:00:01]} Kd4 {[%emt 0:00:00]} 63. Qxf6+ {[%emt 0:00:01]} Kd3 {[%emt 0:00:00]} 64. Qd6+ {[%emt 0:00:00]} Ke2 {[%emt 0:00:00]} 65. Qa6+ {[%emt 0:00:01]} Kd1 {[%emt 0:00:02]} 66. Qd6+ {[%emt 0:00:01]} Kc1 {[%emt 0:00:01]} 67. Kf2 {[%emt 0:00:04]} Rgf8+ {[%emt 0:00:02]} 68. Ke2 {[%emt 0:00:00]} Kb2 {[%emt 0:00:03]} 69. Qb4+ {[%emt 0:00:01]} Ka2 {[%emt 0:00:01]} 70. Qa4+ {[%emt 0:00:01]} Kb2 {[%emt 0:00:01]} 71. Qb4+ {[%emt 0:00:00]} Ka2 {[%emt 0:00:03]} 72. Qa4+ {[%emt 0:00:01]} 1/2-1/2

[Event "EWIBCC 2019"]
[Site "Monte-Carlo"]
[Date "2019.11.29"]
[Round "10.8"]
[White "Belenkaya, Dina"]
[Black "Babiy, Olga"]
[Result "1-0"]
[WhiteElo "2302"]
[BlackElo "2249"]
[Annotator "NA"]
[PlyCount "101"]
[EventDate "2019.11.29"]
[EventType "swiss"]
[EventCountry "MNC"]
[SourceTitle "playchess.com"]
[Source "ChessBase"]
[SourceQuality "1"]
[TimeControl "180+2"]

1. e4 {[%emt 0:00:00]} d6 {[%emt 0:00:00]} 2. d4 {[%emt 0:00:01]} Nf6 {[%emt 0:00:01]} 3. Nc3 {[%emt 0:00:01]} c6 {[%emt 0:00:01]} 4. f4 {[%emt 0:00:04]} Qa5 {[%emt 0:00:01]} 5. Bd3 {[%emt 0:00:03]} e5 {[%emt 0:03:07]} 6. dxe5 {[%emt 0:00:07]} dxe5 {[%emt 0:00:00]} 7. f5 {[%emt 0:00:02]} Nbd7 {[%emt 0:00:00]} 8. Nf3 {[%emt 0:00:04]} Bc5 {[%emt 0:00:00]} 9. h3 {[%emt 0:00:07]} b5 {[%emt 0:00:00]} 10. Nd2 {[%emt 0:00:13]} Qb6 {[%emt 0:00:00]} 11. Qe2 {[%emt 0:00:04]} Qc7 {[%emt 0:00:00]} 12. Nb3 {[%emt 0:00:07]} Bb6 {[%emt 0:00:00]} 13. Be3 {[%emt 0:00:14]} h5 {[%emt 0:00:00]} 14. g3 {[%emt 0:00:04]} Bb7 {[%emt 0:00:00]} 15. a4 {[%emt 0:00:18]} a6 {[%emt 0:00:00]} 16. O-O {[%emt 0:00:35]} Rc8 {[%emt 0:00:00]} 17. Kh2 {[%emt 0:00:03]} c5 {[%emt 0:00:00]} 18. axb5 {[%emt 0:00:02]} c4 {[%emt 0:00:00]} 19. bxa6 {[%emt 0:01:29]} Ba8 {[%emt 0:00:00]} 20. Nb5 {[%emt 0:00:00]} Qc6 {[%emt 0:00:00]} 21. Bxc4 {[%emt 0:00:00]} Nxe4 {[%emt 0:00:00]} 22. Bxb6 {[%emt 0:00:00]} h4 {[%emt 0:00:00]} 23. Qxe4 {[%emt 0:00:00]} hxg3+ {[%emt 0:00:00]} 24. Kxg3 {[%emt 0:00:00]} Qxb6 {[%emt 0:00:00]} 25. Bd5 {[%emt 0:00:00]} Qxb5 {[%emt 0:00:20]} 26. Bxa8 {[%emt 0:00:00]} Nf6 {[%emt 0:00:01]} 27. Qb7 {[%emt 0:00:05]} Nh5+ {[%emt 0:00:01]} 28. Kg2 {[%emt 0:00:01]} Qe2+ {[%emt 0:00:02]} 29. Kg1 {[%emt 0:00:02]} Qe3+ {[%emt 0:00:09]} 30. Rf2 {[%emt 0:00:01]} O-O {[%emt 0:00:03]} 31. Qf3 {[%emt 0:00:03]} Qg5+ {[%emt 0:00:01]} 32. Qg2 {[%emt 0:00:01]} Qh6 {[%emt 0:00:05]} 33. Bb7 {[%emt 0:00:02]} Rc4 {[%emt 0:00:08]} 34. a7 {[%emt 0:00:02]} Nf4 {[%emt 0:00:01]} 35. Rxf4 {[%emt 0:00:01]} exf4 {[%emt 0:00:02]} 36. a8=Q {[%emt 0:00:04]} Rxa8 {[%emt 0:00:01]} 37. Rxa8+ {[%emt 0:00:02]} Kh7 {[%emt 0:00:01]} 38. Be4 {[%emt 0:00:02]} f3 {[%emt 0:00:04]} 39. f6+ {[%emt 0:00:07]} Rxe4 {[%emt 0:00:01]} 40. Qxg7+ {[%emt 0:00:04]} Qxg7+ {[%emt 0:00:01]} 41. fxg7 {[%emt 0:00:01]} Kxg7 {[%emt 0:00:01]} 42. c4 {[%emt 0:00:02]} Re2 {[%emt 0:00:04]} 43. Nd4 {[%emt 0:00:02]} f2+ {[%emt 0:00:05]} 44. Kf1 {[%emt 0:00:01]} Rxb2 {[%emt 0:00:01]} 45. c5 {[%emt 0:00:01]} Rb4 {[%emt 0:00:05]} 46. Rd8 {[%emt 0:00:01]} Rc4 {[%emt 0:00:05]} 47. c6 Kf6 {[%emt 0:00:02]} 48. Kxf2 {[%emt 0:00:13]} Ke5 49. Ke3 Rc3+ 50. Kd2 {[%emt 0:00:04]} Rxh3 51. c7 {[%emt 0:00:02]} 1-0

[Event "EWIBCC 2019"]
[Site "Monte-Carlo"]
[Date "2019.11.29"]
[Round "10.9"]
[White "Osmak, Iulija"]
[Black "Chiburdanidze, Maia"]
[Result "1-0"]
[WhiteElo "2401"]
[BlackElo "2500"]
[Annotator "TA"]
[PlyCount "85"]
[EventDate "2019.11.29"]
[EventType "swiss"]
[EventCountry "MNC"]
[SourceTitle "playchess.com"]
[Source "ChessBase"]
[SourceQuality "1"]

{[%evp 9,85,-8,12,-16,0,0,-6,-13,-11,-18,-18,-18,-35,-22,20,20,22,20,20,20,22,23,64,28,50,28,50,47,61,40,80,80,80,72,85,26,48,31,35,37,31,0,25,24,19,4,24,17,17,10,47,55,52,50,45,39,72,69,74,0,96,103,99,67,85,59,58,0,0,0,0,-374,98,52,50,-562,0,-6]} 1. b4 e5 2. Bb2 d6 3. e3 Nf6 4. Nf3 Be7 (4... g6 5. c4 Bg7 6. Nc3 O-O 7. Be2 e4 8. Nd4 c5 9. bxc5 dxc5 10. Nb3 b6 11. d4 cxd4 12. exd4 Nc6 13. O-O Re8 {1-0 (21) Campora,D (2549)-Komljenovic,D (2479) Seville 2005}) 5. Be2 O-O 6. d4 {A00: Irregular Openings} e4 7. Nfd2 $1 d5 8. b5 a6 9. a4 axb5 10. axb5 Rxa1 11. Bxa1 c5 $146 ({Predecessor:} 11... c6 12. Nb3 {0-1 (41) Breitfeld,J (2002)-Gehrmann,R (2117) Halberstadt 2016}) 12. c4 dxc4 13. Nxc4 Be6 14. O-O Nbd7 15. Nbd2 b6 16. Qc2 Qa8 17. Bb2 Rd8 18. Ra1 Qb7 19. h3 Ra8 20. Rxa8+ Qxa8 21. dxc5 Bxc5 22. Nb3 (22. Nb1 $16) 22... Bf8 23. Nd4 Bd5 24. Nf5 Qc8 25. Bd4 g6 26. Ng3 Qc7 27. Qb3 Bc5 28. Bb2 h5 29. Qa4 Kh7 30. Nd2 {[%cal Rg3e4]} Bxe3 31. Ngxe4 Nxe4 32. Nxe4 Bc1 33. Ba1 {[#] aiming for Qd4.} Bf4 34. Nc3 (34. Qd4 $16 {[%csl Ga1][%cal Rd4h8]} Bh2+ 35. Kh1) 34... Nc5 (34... Be6 $11 {remains equal.}) 35. Qd4 $16 Nb3 ({Avoid the trap} 35... Bh2+ $2 36. Kh1 $18) 36. Qxd5 Nxa1 37. Bc4 Kg7 38. Ne4 (38. Qd3 $14) 38... Nc2 $11 {[#] Hoping for ...Nb4.} 39. g3 Be5 {Threatens to win with ...Nb4.} 40. Kg2 $2 {[%mdl 8192]} (40. Bf1 $11) 40... Na3 $2 (40... Nb4 $19 41. Qxf7+ Qxf7 42. Bxf7 Kxf7) 41. Be2 Nc2 42. Bf3 $2 {[%mdl 8192]} (42. Bd1 $14 {keeps the upper hand.} Nb4 43. Qb3) 42... Nd4 $2 ({Black should play} 42... Ne1+ $19 43. Kh2 Nxf3+ 44. Kg2 Nd4) 43. Nd2 {[%mdl 32768] Accuracy: White = 42%, Black = 39%. . Loss on time!?} 1-0

[Event "EWIBCC 2019"]
[Site "Monte-Carlo"]
[Date "2019.11.29"]
[Round "10.10"]
[White "Dzagnidze, Nana"]
[Black "Socko, Monika"]
[Result "1-0"]
[WhiteElo "2502"]
[BlackElo "2417"]
[Annotator "TA"]
[PlyCount "95"]
[EventDate "2019.11.29"]
[EventType "swiss"]
[EventCountry "MNC"]
[SourceTitle "playchess.com"]
[Source "ChessBase"]
[SourceQuality "1"]

{[%evp 13,103,-1,36,0,0,-19,0,0,0,-1,0,0,0,0,5,12,7,21,85,87,58,14,155,138,147,9,2,0,0,0,7,0,10,0,31,32,51,35,80,68,76,85,78,88,222,217,222,43,168,168,168,168,161,161,164,164,248,198,284,154,177,154,163,163,206,206,535,522,502,494,454,441,772,770,757,745,5361,5407,5189,5185,29982,5143,4802,1128,1833,4628,1792,1786,1116,1080,1051,1051]} 1. c4 e5 2. Nc3 Nc6 3. Nf3 Nf6 4. e3 Bb4 5. Qc2 Bxc3 6. Qxc3 Qe7 7. a3 a5 8. Be2 {A28: English Opening: Four Knights Variation} O-O 9. O-O d5 10. d4 {The position is equal.} (10. cxd5 Nxd5 11. Qc2 a4 12. b4 axb3 13. Qxb3 Nb6 14. d3 Be6 15. Qc2 Rfd8 {½-½ (33) Antipov,M (2588)-Predke,A (2601) Moscow 2017}) 10... exd4 $146 ({Predecessor:} 10... e4 11. Ne5 Re8 12. Nxc6 bxc6 13. Bd2 Ba6 14. Rfc1 Reb8 15. b3 Ne8 {1-0 (35) Liebert,H (2247)-Werner,C (2339) Finsterbergen 2009}) 11. Nxd4 Nxd4 12. Qxd4 c5 13. Qh4 Be6 14. cxd5 Nxd5 15. Qg3 Rad8 (15... f5 $11) 16. e4 $16 Nb6 17. Bf4 f6 (17... Bc4 $1 $11 {keeps the balance.} 18. Bxc4 Nxc4) 18. Bc7 Rd2 19. Bxb6 (19. Rad1 $16 Rxe2 20. Bd6) 19... Rxe2 $11 ({Don't play} 19... Rxb2 $6 20. Bc7 $18) 20. Rac1 c4 21. Bxa5 {[#] Threatens to win with Bb4.} Rc8 22. Bb4 $36 {[%mdl 2048] White is pushing.} Qc7 23. Bd6 Qc6 24. e5 f5 $1 25. Qc3 Qe4 26. Rfe1 Bd5 {[%csl Gd5][%cal Re4g2]} 27. f3 Rxe1+ 28. Rxe1 Qh4 (28... Qd3 $16) 29. e6 $18 {And now Re5 would win.} Re8 30. Bg3 $2 (30. e7 $18) 30... Qf6 ({Black should try} 30... Qe7 $14) 31. Qxf6 gxf6 {[%mdl 4096] Endgame KRB-KRB} 32. e7 Kf7 33. Bd6 Rc8 34. Bb4 h5 (34... Bc6 {keeps fighting.} 35. Rd1 Rc7) 35. Kf2 h4 (35... Bc6 {was necessary.} 36. Rd1 Rc7) 36. Ke3 ({White should play} 36. Rd1 $18 Ke6 37. Rd4) 36... Rg8 37. Kf4 Bc6 38. Kxf5 Rg5+ 39. Kf4 Rxg2 $2 {[#]} (39... Be8 {is more resistant.} 40. Re2 Rd5) 40. e8=Q+ $1 {[%mdl 576] Decoy} Bxe8 41. Re7+ {[%mdl 64] Double Attack} Kg6 42. Rxe8 {Rg8+ is the strong threat.} Rxh2 {KRB-KR} (42... Rxb2 $142 43. h3 Rh2) 43. Bc3 Rc2 44. Rh8 Rh2 45. Rf8 h3 46. Rxf6+ Kh5 47. Rf8 (47. Bb4 $142 Rf2 48. Bf8 Rxf3+ 49. Kxf3 Kg5 50. Rb6 h2 51. Kg2 Kf4 52. Rxb7) 47... Kg6 {White is clearly winning.} 48. Kg3 {Played: Rf8-h8} 1-0

[Event "EWIBCC 2019"]
[Site "Monte-Carlo"]
[Date "2019.11.29"]
[Round "10.11"]
[White "Michna, Marta"]
[Black "Antova, Gabriela"]
[Result "1-0"]
[WhiteElo "2366"]
[BlackElo "2306"]
[Annotator "NA"]
[PlyCount "113"]
[EventDate "2019.11.29"]
[EventType "swiss"]
[EventCountry "MNC"]
[SourceTitle "playchess.com"]
[Source "ChessBase"]
[SourceQuality "1"]
[TimeControl "180+2"]

1. Nf3 {[%emt 0:00:00]} d5 {[%emt 0:00:00]} 2. g3 {[%emt 0:00:00]} Nf6 {[%emt 0:00:00]} 3. Bg2 {[%emt 0:00:01]} e6 {[%emt 0:00:02]} 4. O-O {[%emt 0:00:01]} Be7 {[%emt 0:00:01]} 5. d3 {[%emt 0:00:01]} O-O {[%emt 0:00:07]} 6. Nbd2 {[%emt 0:00:02]} c5 {[%emt 0:00:03]} 7. e4 {[%emt 0:00:01]} Nc6 {[%emt 0:00:04]} 8. c3 {[%emt 0:00:03]} b5 {[%emt 0:00:09]} 9. Re1 {[%emt 0:00:43]} Bb7 {[%emt 0:00:14]} 10. Qc2 {[%emt 0:00:04]} Qc7 {[%emt 0:00:22]} 11. h3 {[%emt 0:00:02]} Rfd8 {[%emt 0:00:06]} 12. Nf1 {[%emt 0:00:31]} a6 {[%emt 0:00:55]} 13. Bf4 {[%emt 0:00:04]} e5 {[%emt 0:00:08]} 14. Bg5 {[%emt 0:00:09]} d4 {[%emt 0:00:10]} 15. cxd4 {[%emt 0:00:29]} cxd4 {[%emt 0:00:03]} 16. Bxf6 {[%emt 0:00:12]} Bxf6 {[%emt 0:00:02]} 17. Rac1 {[%emt 0:00:03]} Rac8 {[%emt 0:00:03]} 18. a3 {[%emt 0:01:10]} Qd7 {[%emt 0:00:13]} 19. Qb1 {[%emt 0:00:00]} b4 {[%emt 0:00:04]} 20. N1d2 {[%emt 0:00:00]} a5 {[%emt 0:00:17]} 21. Nc4 {[%emt 0:00:00]} Ba6 {[%emt 0:00:01]} 22. Nb6 {[%emt 0:00:00]} Qb7 {[%emt 0:00:05]} 23. Nxc8 {[%emt 0:00:00]} Rxc8 {[%emt 0:00:37]} 24. Bf1 {[%emt 0:00:00]} b3 {[%emt 0:00:00]} 25. h4 {[%emt 0:00:00]} h6 {[%emt 0:00:00]} 26. Nd2 {[%emt 0:00:00]} g5 {[%emt 0:00:00]} 27. Bh3 {[%emt 0:00:00]} Rd8 {[%emt 0:00:00]} 28. h5 {[%emt 0:00:00]} Kg7 {[%emt 0:00:00]} 29. Nc4 {[%emt 0:00:00]} Kh8 {[%emt 0:00:00]} 30. Bg4 {[%emt 0:00:00]} Qe7 {[%emt 0:00:03]} 31. Nb6 {[%emt 0:00:00]} Qb7 {[%emt 0:00:01]} 32. Nd5 {[%emt 0:00:00]} Be7 {[%emt 0:00:03]} 33. Kg2 {[%emt 0:00:00]} Bd6 {[%emt 0:00:01]} 34. Rcd1 {[%emt 0:00:04]} Bb5 {[%emt 0:00:02]} 35. Qc1 {[%emt 0:00:02]} Qa6 {[%emt 0:00:02]} 36. Qd2 {[%emt 0:00:01]} Ne7 {[%emt 0:00:03]} 37. Nxe7 {[%emt 0:00:03]} Bxe7 {[%emt 0:00:13]} 38. Be2 {[%emt 0:00:02]} Kg7 {[%emt 0:00:02]} 39. Rc1 g4 {[%emt 0:00:00]} 40. Qd1 {[%emt 0:00:02]} Bg5 {[%emt 0:00:00]} 41. Rc5 {[%emt 0:00:01]} f5 {[%emt 0:00:00]} 42. Rxe5 {[%emt 0:00:02]} fxe4 {[%emt 0:00:00]} 43. Rxe4 {[%emt 0:00:00]} Bc6 {[%emt 0:00:00]} 44. Bxg4 {[%emt 0:00:02]} Bxe4+ {[%emt 0:00:01]} 45. Rxe4 {[%emt 0:00:00]} Qb7 {[%emt 0:00:02]} 46. Bf3 {[%emt 0:00:02]} Qc7 {[%emt 0:00:02]} 47. Qxb3 {[%emt 0:00:02]} Rf8 {[%emt 0:00:02]} 48. Qd5 {[%emt 0:00:05]} Bf6 {[%emt 0:00:02]} 49. Rg4+ {[%emt 0:00:01]} Kh8 {[%emt 0:00:02]} 50. Be4 {[%emt 0:00:02]} Qb6 {[%emt 0:00:02]} 51. Qf5 {[%emt 0:00:02]} Qa7 {[%emt 0:00:02]} 52. Qg6 {[%emt 0:00:05]} Qg7 {[%emt 0:00:05]} 53. Qf5 {[%emt 0:00:00]} Qa7 {[%emt 0:00:01]} 54. Qd5 {[%emt 0:00:07]} Qb8 {[%emt 0:00:05]} 55. Qe6 {[%emt 0:00:06]} Qc7 {[%emt 0:00:05]} 56. Rg6 {[%emt 0:00:02]} Bg7 {[%emt 0:00:02]} 57. Rxh6+ {[%emt 0:00:00]} 1-0

[Event "EWIBCC 2019"]
[Site "Monte-Carlo"]
[Date "2019.11.29"]
[Round "10.12"]
[White "Bodnaruk, Anastasia"]
[Black "Petrova, Irina"]
[Result "1-0"]
[WhiteElo "2412"]
[BlackElo "2109"]
[Annotator "NA"]
[PlyCount "51"]
[EventDate "2019.11.29"]
[EventType "swiss"]
[EventCountry "MNC"]
[SourceTitle "playchess.com"]
[Source "ChessBase"]
[SourceQuality "1"]
[TimeControl "180+2"]

1. e4 {[%emt 0:00:00]} d6 {[%emt 0:00:00]} 2. d4 {[%emt 0:00:00]} Nf6 {[%emt 0:00:00]} 3. Nc3 {[%emt 0:00:00]} g6 {[%emt 0:00:00]} 4. Be3 {[%emt 0:00:03]} a6 {[%emt 0:00:02]} 5. Qd2 {[%emt 0:00:23]} Nbd7 {[%emt 0:00:19]} 6. f4 {[%emt 0:00:08]} Ng4 {[%emt 0:00:12]} 7. Nf3 {[%emt 0:00:13]} Nxe3 {[%emt 0:00:04]} 8. Qxe3 {[%emt 0:00:01]} Bg7 {[%emt 0:00:01]} 9. e5 {[%emt 0:00:12]} Nb6 {[%emt 0:00:31]} 10. O-O-O {[%emt 0:00:13]} Be6 {[%emt 0:00:25]} 11. Ng5 {[%emt 0:00:10]} Qc8 {[%emt 0:00:35]} 12. d5 {[%emt 0:00:21]} Bg4 {[%emt 0:00:02]} 13. exd6 {[%emt 0:00:07]} O-O {[%emt 0:00:32]} 14. dxe7 {[%emt 0:00:09]} Re8 {[%emt 0:00:00]} 15. Rd2 {[%emt 0:00:13]} Qd7 {[%emt 0:00:04]} 16. d6 {[%emt 0:00:04]} h6 {[%emt 0:00:09]} 17. Nf3 {[%emt 0:00:09]} Bxf3 {[%emt 0:00:02]} 18. gxf3 {[%emt 0:00:05]} Bxc3 {[%emt 0:00:10]} 19. Qxc3 {[%emt 0:00:14]} cxd6 {[%emt 0:00:02]} 20. Bd3 {[%emt 0:00:10]} Rac8 {[%emt 0:00:01]} 21. Qd4 {[%emt 0:00:03]} Qc6 {[%emt 0:00:06]} 22. f5 {[%emt 0:00:04]} Rxe7 {[%emt 0:00:06]} 23. fxg6 {[%emt 0:00:01]} fxg6 {[%emt 0:00:05]} 24. Rg1 {[%emt 0:00:03]} Rg7 {[%emt 0:00:02]} 25. Bxg6 {[%emt 0:00:06]} Nd7 {[%emt 0:00:08]} 26. Bh7+ {[%emt 0:00:05]} 1-0